Patrones de diversidad biológica en los Andes de Colombia (Registro nro. 1983)

Detalles MARC
000 -CABECERA
Campo de control 01167nam a2200385 a 4500
005 - FECHA Y HORA DE LA ULTIMA TRANSACCION
Campo de control 20191224041619.0
008 - ELEMENTOS DE LONGITUD FIJA—INFORMACION GENERAL
Campo de control 140303b2000 ck ||||| |||| 00| 0 spa d
040 ## - FUENTE DE CATALOGACIÓN
Agencia catalogadora original CO-BoIAVH
Agencia transcriptora CO-BoIAVH
041 ## - IDIOMA
Código de idioma para texto/pista de sonido o título separado Español
044 ## - PAÍS DE PUBLICACIÓN
País de publicación Colombia
082 ## - NUMERO DE CLASIFICACION DECIMAL DEWEY
Número de clasificación 333.95
Número del ítem W67p
110 1# - ASIENTO PRINCIPAL--NOMBRE CORPORATIVO
Nombre corporativo o de jurisdicción como elemento de entrada WWF
9 (RLIN) 53177
245 ## - MENCION DE TITULO
Título Patrones de diversidad biológica en los Andes de Colombia
260 ## - PUBLICACION, DISTRIBUCION, ETC. (PIE DE IMPRENTA)
Lugar de publicación, distribución, etc. Cali
Nombre del editor, distribuidor, etc. Wildlife Conservation Society
-- Fundación EcoAndina
Fecha de publicación, distribución, etc. 2000
300 ## - DESCRIPCION FISICA
Extensión 87 Paginas
650 #6 - ASIENTO SECUNDARIO DE MATERIA - TERMINO TEMATICO
Término temático o nombre geográfico como elemento de entrada Biodiversidad
9 (RLIN) 92204
650 #6 - ASIENTO SECUNDARIO DE MATERIA - TERMINO TEMATICO
Término temático o nombre geográfico como elemento de entrada Bosque andino
9 (RLIN) 3789
650 #6 - ASIENTO SECUNDARIO DE MATERIA - TERMINO TEMATICO
Término temático o nombre geográfico como elemento de entrada Biogeografía
9 (RLIN) 53179
650 ## - ASIENTO SECUNDARIO DE MATERIA - TERMINO TEMATICO
Término temático o nombre geográfico como elemento de entrada Ecorregiones
9 (RLIN) 53180
650 #6 - ASIENTO SECUNDARIO DE MATERIA - TERMINO TEMATICO
Término temático o nombre geográfico como elemento de entrada Grupos taxonómicos
9 (RLIN) 14026
650 #6 - ASIENTO SECUNDARIO DE MATERIA - TERMINO TEMATICO
Término temático o nombre geográfico como elemento de entrada Aves
9 (RLIN) 53181
650 #6 - ASIENTO SECUNDARIO DE MATERIA - TERMINO TEMATICO
Término temático o nombre geográfico como elemento de entrada Palmas
9 (RLIN) 53182
650 #6 - ASIENTO SECUNDARIO DE MATERIA - TERMINO TEMATICO
Término temático o nombre geográfico como elemento de entrada Anura
9 (RLIN) 14029
650 #6 - ASIENTO SECUNDARIO DE MATERIA - TERMINO TEMATICO
Término temático o nombre geográfico como elemento de entrada Lepidoptera
9 (RLIN) 53183
662 ## - ASIENTO SECUNDARIO DE MATERIA - JERARQUIA DEL NOMBRE DE LUGAR(
País o entidad mayor Colombia
700 ## - ASIENTO SECUNDARIO - NOMBRE PERSONAL
Nombre personal Vargas, William G.
9 (RLIN) 4907
700 ## - ASIENTO SECUNDARIO - NOMBRE PERSONAL
Nombre personal Franco, Padu
9 (RLIN) 14030
700 ## - ASIENTO SECUNDARIO - NOMBRE PERSONAL
Nombre personal Herrera, María Isabel
9 (RLIN) 14031
700 ## - ASIENTO SECUNDARIO - NOMBRE PERSONAL
Nombre personal Angarita, Isadora
9 (RLIN) 14032
700 ## - ASIENTO SECUNDARIO - NOMBRE PERSONAL
Nombre personal Kattan, Gustavo H.
9 (RLIN) 4374
700 ## - ASIENTO SECUNDARIO - NOMBRE PERSONAL
Nombre personal Heredia, María Dolores
9 (RLIN) 14033
700 ## - ASIENTO SECUNDARIO - NOMBRE PERSONAL
Nombre personal Salazar E., Julián A.
9 (RLIN) 14034
700 ## - ASIENTO SECUNDARIO - NOMBRE PERSONAL
Nombre personal Constantino-Ch., Luis Miguel
9 (RLIN) 53185
942 ## - ELEMENTOS ADICIONALES (KOHA)
Tipo de ítem Libro
Sistema de clasificación Dewey Decimal Classification
Koha issues (borrowed), all copies 1
Existencias
Withdrawn status Lost status Sistema de Clasificación Damaged status No para préstamo Colección Inventariado Ubicación Permanente Ubicación actual Fecha de adquisición Fuente de Valor Valor Total Checkouts Número topográfico Inventario / Código de Barras Date last seen Date checked out Ejemplar Price effective from Forma de adquisición Tipo de material Public note
    Dewey Decimal Classification     General Inventariado 2017 Bogotá Bogotá 26/01/2001 Instituto 39000.00 1 LB-333.95 W67p 003674 29/02/2016 29/02/2016 Ej. 1 04/12/2012   Libro Disponible en fotocopia, para consulta en sala